Beatles Song Lyrics Challenge [Normal] - Statistics

General Stats
  • This quiz has been taken 573 times
    565 since last reset
  • The average score is 11 of 25
Answer Stats
Hint Answer % Correct
What does Paul say to your goodbye? Hello
83%
What should John be doing, instead of working like a dog? Sleeping like a log
76%
What happened to Paul's heart when he crossed that room? It went boom
70%
What attracts George like no other lover? Something in the way she moves
68%
Where did John sleep after talking until two? The bath
62%
What did Jojo leave his home in Tucson, Arizona for? Some California grass
61%
Ringo likes to be under the sea, particularly this place in the shade. In an octopus's garden
59%
How many holes does it take to fill the Albert Hall? 4000 holes in Blackburn Lancashire
54%
What did Desmond and Molly build in a couple of years? A home sweet home
53%
She has no car, and it's breaking her heart. What did she find to be a good start? A driver
52%
What is coming to take you away? The Magical Mystery Tour
51%
Where does John sit while waiting for the van to come? A cornflake
49%
Paul had a dreadful flight going to this place. Back in the USSR
49%
What was Lovely Rita's occupation? Meter maid
49%
John thinks he's gonna be sad, because he thinks this is happening today. The girl that's driving him mad is going away
45%
Where is Nowhere Man sitting? Nowhere land
41%
What can protect your entrance through the bathroom window? A silver spoon
33%
What does Paul want to receive when he's losing his hair? Valentine
33%
What does Paul want to receive when he's losing his hair? Bottle of wine
29%
What does Paul want to receive when he's losing his hair? Birthday greetings
28%
John is in love for the first time. It's a love that does this: Lasts forever
20%
Where did Peter Brown let John get married? Gibraltar, near Spain
19%
What will Paul pretend to do, as he hopes that his dreams will come true? Kiss the lips he is missing
16%
What is Paul doing in a colorful way? Painting a room
15%
What does Chuck Berry need to cure a rocking pneumonia? A shot of rhythm and blues
13%
No matching quizzes found
Score Distribution
Percent of People with Each Score
Percentile by Number Answered
Your Score History
You have not taken this quiz since the last reset